| 000 | 01016cam a2200313ua 4500 | ||
|---|---|---|---|
| 001 | 4438599 | ||
| 003 | ARRUPE | ||
| 005 | 20131205141344.0 | ||
| 008 | 800130s1978 enkac b 001 0 eng d | ||
| 035 | _a(OCoLC)5925239 | ||
| 035 | _a(OCoLC)ocm05925239 | ||
| 035 | _a(NNC)4438599 | ||
| 040 |
_aMH-AH _cMH-AH _dm.c. _dNNUT _dCStRLIN |
||
| 050 | _aBS2675.3.H279 1978 | ||
| 090 |
_aBS2675.3 _b.H37 1978 |
||
| 100 | 1 |
_aHargreaves, John, _d1911-2008. _95224 |
|
| 245 | 1 | 2 |
_aA guide to 1 Corinthians / _cJohn Hargreaves. |
| 260 |
_aLondon : _bSPCK, _c1978. |
||
| 300 |
_aix, 243 p. : _bill., ports. ; _c22 cm. |
||
| 490 | 1 |
_aTEF study guides ; _v17 |
|
| 500 | _aIncludes index. | ||
| 504 | _aBibliography: p. ix. | ||
| 630 | 0 | 0 |
_aBible. _pCorinthians, 1st _vCommentaries. _95225 |
| 630 | 0 | 0 |
_aBible. _pCorinthians, 1st _vOutlines, syllabi, etc. _95226 |
| 730 | 0 |
_aBible. _pCorinthians, 1st. _lEnglish. _sHargreaves. _f1978. _95227 |
|
| 830 | 0 |
_aTEF study guide ; _v17. _95228 |
|
| 942 |
_2lcc _cMONOGRAPH |
||
| 999 |
_c119108 _d119108 |
||